THE TOWER OF LONDON /

Guardado en:
Detalles Bibliográficos
Autor corporativo: Inglaterra. Minstry Of Labour
Otros autores: MINISTRY OF WORKS GUIDE-BOOK (autor) (autor)
Formato: Libro
Temas:
Etiquetas: Agrega una etiqueta
Sin etiquetas, Sé el primero en etiquetar este registro!

MARC

LEADER 00000nam^a2200000^a^4500
001 000243320
005 20250521000000.0
009 20260310105330.85
035 |a 066354 
037 |a Acervo Xavier Clavigero 
082 |a 914. 2 TOW 
110 |a Inglaterra.  |b Minstry Of Labour 
245 1 4 |a THE TOWER OF LONDON /  |c MINISTRY OF WORKS GUIDE-BOOK 
264 |a LONDON :  |b HER MAJESTY'S STATIONERY OFFICE,  |c 1957 
300 |a 55 p. :  |b retrs. 
336 |a texto  |b txt  |2 rdacontenido 
337 |a sin mediación  |b n  |2 rdamedio 
338 |a volumen  |b nc  |2 rdasoporte 
649 |a XX 
650 |a LONDRES . TOWER. 
650 |a Londres, Inglaterra -  |x Descripción -  |x Guías Turísticas -  |x Tema Principal 
650 |a Arquitectura Medieval 
700 |a MINISTRY OF WORKS GUIDE-BOOK  |e (autor) 
910 |a Fondo General 
920 |a Impresos - Libros 
930 |a Colección General 
905 |a 101 
901 |a 066354  |b IT1  |c ACC  |i 066354  |u 20250521 
902 |a https://opac.biblio.iteso.mx/vufind/Record/000243320